| 000 | 01352cam a2200385 a 4500 | ||
|---|---|---|---|
| 001 | 6040 | ||
| 003 | FISKH | ||
| 005 | 20250226123605.0 | ||
| 008 | 860131s1985 enka j 000 1 eng | ||
| 010 | _a 86112008 | ||
| 020 |
_a0224029991 : _c£5.95 |
||
| 020 | _a9780439163675 | ||
| 040 |
_aDLC _cDLC _dDLC _beng |
||
| 050 | _aPZ7.D1515 G | ||
| 082 | _a823.914 | ||
| 100 | 1 |
_aDahl, Roald _d(1916–1990) |
|
| 245 | 1 | 4 |
_aThe giraffe and the pelly and me / _cRoald Dahl ; illustrated by Quentin Blake. |
| 250 | _aThis edition first published in 2000 | ||
| 260 |
_aNew York : _bScholastic, _c1985 |
||
| 300 |
_a80 pages : _billustrations ; _c20 cm |
||
| 505 | _aW | ||
| 520 | _aA small boy with a desire to own a candy shop meets a window-washing team of a giraffe, a pelican, and a monkey and together they go to work for the wealthy Duke of Hampshire, who makes all their dreams come true. | ||
| 521 | 8 |
_a840
_bLexile |
|
| 521 | 8 |
_aW
_bRaz-Plus |
|
| 650 | 1 |
_aGiraffes _xFiction. |
|
| 650 | 1 |
_aPelicans _xFiction. |
|
| 650 | 1 |
_aMonkeys _xFiction. |
|
| 650 | 1 |
_aCandy _xFiction. |
|
| 653 | 0 | _aImprints 20th century 1985 | |
| 655 | 7 |
_aJuvenile literature _zEngland _zLondon _y1985. _2rbgenr |
|
| 700 |
_aBlake, Quentin _eillustrator |
||
| 906 |
_a7 _bcbc _corignew _d1 _encip _f19 _gy-gencatlg |
||
| 942 |
_2ddc _cBK _n0 |
||
| 999 |
_c6040 _d6040 |
||